000 00535nam a2200181Ia 4500
008 121001t xxu||||| |||| 00| 0 sin d
041 _asin
080 _a8 S 3 (Youth)
_bLEV
100 _aLevithan,Y.
245 _aළමයින්ට ඉර, හඳ, තාරකා ගැන කතා
246 _aLamayinata Ira, Hada, Tharaka Gana Katha
260 _aKurulu Book
_aRajagiriya
_c
300 _b95p, ill, 24 cm
700 _aRudrigu,Dadigama V.
_etr.
942 _cBK
999 _c43328
_d43328
003 LK-CoDNM
040 _aLK-CoDNM
_dLK-CoDNM
_eLK-CoDNM